Boletín / (Record no. 110385)

MARC details
000 -LEADER
campo de control de longitud fija 01151cas a2200361Ia 4500
001 - NÚMERO DE CONTROL
campo de control 47047
005 - FECHA Y HORA DE LA ÚLTIMA TRANSACCIÓN
campo de control 20230411085958.0
008 - DATOS DE LONGITUD FIJA--INFORMACIÓN GENERAL
campo de control de longitud fija 940125c19uu9999dr ar 0 b0spa d
035 ## - NÚMERO DE CONTROL DEL SISTEMA
Número de control de sistema (OCoLC)ocm29680208
040 ## - FUENTE DE CATALOGACIÓN
Centro catalogador/agencia de origen IQU
Centro/agencia transcriptor IQU
Centro/agencia modificador OCLCQ
-- NLGGC
-- DRFGD
029 1# - OTRO NÚMERO DE CONTROL DE SISTEMA (OCLC)
Identificador de la biblioteca OCLC NLGGC
Número de control de sistema 05477490X
035 ## - NÚMERO DE CONTROL DEL SISTEMA
Número de control de sistema (OCoLC)29680208
043 ## - CÓDIGO DE ÁREA GEOGRÁFICA
Código de área geográfica nwdr---
084 ## - OTRO NÚMERO DE CLASIFICACIÓN
Número de clasificación 15.85
Fuente del número bcl
084 ## - OTRO NÚMERO DE CLASIFICACIÓN
Número de clasificación 15.35
Fuente del número bcl
084 ## - OTRO NÚMERO DE CLASIFICACIÓN
Número de clasificación 73.05
Fuente del número bcl
090 ## - LOCALMENTE ASIGNADO TIPO-LC NÚMERO DE CLASIFICACIÓN (OCLC); NÚMERO DE CLASIFICACIÓN LOCAL (RLIN)
Número de clasificación (OCLC) (R) ; Numero de clasificación, CALL (RLIN) (NR) B668. 1987
049 ## - FONDOS LOCALES (OCLC)
Biblioteca depositaria GRAL
130 0# - ENTRADA PRINCIPAL--TÍTULO UNIFORME
Título uniforme Boletín (Museo del Hombre Dominicano)
245 10 - MENCIÓN DEL TÍTULO
Título Boletín /
Mención de responsabilidad, etc. Museo del Hombre Dominicano.
260 ## - PUBLICACIÓN, DISTRIBUCIÓN, ETC.
Lugar de publicación, distribución, etc. Santo Domingo :
Nombre del editor, distribuidor, etc. Departamento de Publicaciones y Difusión, Museo del Hombre Dominicano
300 ## - DESCRIPCIÓN FÍSICA
Extensión v. :
Otras características físicas ill. ;
Dimensiones 23 cm.
310 ## - PERIODICIDAD ACTUAL
Periodicidad actual Annual
500 ## - NOTA GENERAL
Nota general Description based on: Año XIV, no. 20 (1987).
650 #0 - PUNTO DE ACCESO ADICIONAL DE MATERIA--TÉRMINO DE MATERIA
Término de materia o nombre geográfico como elemento de entrada Indians of the West Indies
Subdivisión geográfica Dominican Republic.
650 #0 - PUNTO DE ACCESO ADICIONAL DE MATERIA--TÉRMINO DE MATERIA
Término de materia o nombre geográfico como elemento de entrada Anthropology
Subdivisión geográfica Dominican Republic.
651 #0 - PUNTO DE ACCESO ADICIONAL DE MATERIA--NOMBRE GEOGRÁFICO
Nombre geográfico Dominican Republic
Subdivisión general Antiquities.
710 2# - ENTRADA AGREGADA--NOMBRE DE ENTIDAD CORPORATIVA
Nombre de entidad corporativa o nombre de jurisdicción como elemento de entrada Museo del Hombre Dominicano.
780 00 - ENLACE A UN TÍTULO/ENTRADA ANTERIOR
Título Boletín del Museo del Hombre Dominicano
Número de control del registro (OCoLC)2517690
942 ## - ELEMENTOS DE ENTRADA SECUNDARIOS (KOHA)
Fuente del sistema de clasificación o colocación Clasificación de Library of Congress
Tipo de ítem Koha
946 ## - PROCESAMIENTO DE INFORMACIÓN LOCAL (OCLC)
a joacosta
994 ## -
-- C0
-- DRFGD
Holdings
Estatus retirado Estado de pérdida Fuente del sistema de clasificación o colocación Estado de daño No para préstamo Colección Biblioteca de origen Biblioteca actual Ubicación en estantería Fecha de adquisición Código de barras Visto por última vez Copia número Tipo de ítem Koha
    Clasificación de Library of Congress     Automatización y Procesos Técnicos Biblioteca Juan Bosch Biblioteca Juan Bosch Automatización y Procesos Técnicos (1er. Piso) 11/04/2023 00000047010 17/02/2019 1